| 000 | nam a22 7a 4500 | ||
|---|---|---|---|
| 999 |
_c28160 _d28160 |
||
| 008 | 170220b xxu||||| |||| 00| 0 eng d | ||
| 050 | _aGT 503 .D38 1962 | ||
| 100 | _aDavenport, Millia | ||
| 245 | _aThe Book of Costume / | ||
| 260 |
_aNew York : _bCrown Publisher , _c1962 . |
||
| 300 |
_axii, 958p. : _bill. ; |
||
| 500 | _aincludes appendix and index | ||
| 650 |
_2costume _aclothing and dress |
||
| 942 |
_2lcc _cBOOKS _hGT 503 .D38 1962 |
||